Music Quiz

Random Music or Sporcle Quiz
Score 0/70 Timer 07:00
1 Play Today
% Correct
Dust
91.9%
Tiger
91.7%
Love
90.8%
World
90.2%
Walkin'
89.7%
Lion
89%
Grapevine
88.6%
Jack
88.3%
Rising
88.2%
Prayer
87.1%
Child
86.4%
Killing
86.1%
Fighting
85.9%
One
85.6%
Hotel
85.2%
Fire
84.5%
Thing
83.4%
Brick
83%
Jiggy
82.8%
Dancing
82.4%
Jet
81.4%
Paradise
81.4%
Lines
80.8%
Babe
80.2%
Bennie
79.9%
Now
79.3%
Lovin'
77.5%
Chameleon
76.8%
Georgia
74.3%
Mash
74%
Postman
73.7%
Georgia
72.4%
Gangsta's
71.8%
Leave
71.7%
Mind
71.7%
% Correct
Pretty
69.8%
Sugar
69.7%
Pow
69.1%
Nothing
68.8%
Daydream
68%
Tears
67.9%
Candy
67.1%
Hips
66.8%
Belong
65.9%
Wrecking
64.9%
Thieves
64.7%
Band
64.7%
Party
64.3%
Crocodile
64%
Heaven
63.7%
Rhinestone
63.5%
Suspicious
63.1%
Glass
62.9%
Feeling
57.3%
Groovy
57%
Smoke
56.2%
Rainy
54.2%
Stay
54.2%
Come
53.3%
Strangers
51.3%
Sir
51.2%
Girl
50.4%
Night
48.9%
Little
46.7%
Lord
43%
John
39.4%
Time
38.9%
People
38%
Sunshine
30.4%
Hotstepper
25.3%
Remove Ads.
Support Sporcle.
Get the best of Sporcle when you Go Orange. This ad-free experience offers more features, more stats, and more fun while also helping to support Sporcle. Thank you for becoming a member.

You're not logged in!

Compare scores with friends on all Sporcle quizzes.
OR
Log In

Show Comments

Extras

Top Quizzes Today


Score Distribution

Your Account Isn't Verified!

In order to create a playlist on Sporcle, you need to verify the email address you used during registration. Go to your Sporcle Settings to finish the process.

Report this User

Report this user for behavior that violates our Community Guidelines.

Details: